00937nam a2200181 a 450000100100000000500170001000800410002704000250006808200160009310000340010924500930014326000830023630000200031904900090033995201860034895202040053499900170073800003219720200930063519.0091014s1944 dr 000 | spa d aDO-SdBNPbspacBNPHU axxxxbM839t1 aMorel, Tomás,d1912-92658110aTres notas sobre literatura americana :bhomenaje a los Estados Unidos /cTomás Morel. aSantiago de los Caballeros, República Dominicana :bCorreo Literario,c1944. a58 p. ;c20 cm. aBNPD 001050718RVaPDbPDcCTd2011-07-13iLF1l0oxxxx M839tp32197-10r2020-06-25w2020-06-25y1zPerteneció a la biblioteca personal de Julio Ortega Frier. Dedicado.ZNo se presta 001050718RVaPDbPDcCTd2011-07-14iLF1l0oxxxx M839tp32197-20r2020-06-25te.2w2020-06-25y1zPerteneció a la biblioteca personal de Julio Ortega Frier. Dedicado por el autor.ZNo se presta c31688d31688